Discrete mathematics and its applications (Record no. 11523)
[ view plain ]
| 000 -LEADER | |
|---|---|
| fixed length control field | 00993cam a2200277 a 4500 |
| 003 - CONTROL NUMBER IDENTIFIER | |
| control field | NUST |
| 005 - DATE AND TIME OF LATEST TRANSACTION | |
| control field | 20240304160346.0 |
| 008 - FIXED-LENGTH DATA ELEMENTS--GENERAL INFORMATION | |
| fixed length control field | 110415s2012 nyua 001 0 eng |
| 010 ## - LIBRARY OF CONGRESS CONTROL NUMBER | |
| LC control number | 2011011060 |
| 020 ## - INTERNATIONAL STANDARD BOOK NUMBER | |
| International Standard Book Number | 0073383090 |
| 020 ## - INTERNATIONAL STANDARD BOOK NUMBER | |
| International Standard Book Number | 9780073383095 |
| 040 ## - CATALOGING SOURCE | |
| Original cataloging agency | DLC |
| Transcribing agency | DLC |
| Modifying agency | DLC |
| 082 00 - DEWEY DECIMAL CLASSIFICATION NUMBER | |
| Classification number | 511 |
| Edition number | 22 |
| Author Mark | ROS |
| 100 1# - MAIN ENTRY--PERSONAL NAME | |
| Personal name | Rosen, Kenneth H. |
| 9 (RLIN) | 17956 |
| 245 10 - TITLE STATEMENT | |
| Title | Discrete mathematics and its applications |
| Statement of responsibility, etc. | Kenneth H. Rosen. |
| 250 ## - EDITION STATEMENT | |
| Edition statement | 7th ed. |
| 260 ## - PUBLICATION, DISTRIBUTION, ETC. | |
| Place of publication, distribution, etc. | New York : |
| Name of publisher, distributor, etc. | McGraw-Hill, |
| Date of publication, distribution, etc. | c2012. |
| 300 ## - PHYSICAL DESCRIPTION | |
| Extent | 1 v. (various pagings) : |
| Other physical details | ill. ; |
| Dimensions | 28 cm. |
| 500 ## - GENERAL NOTE | |
| General note | Includes indexes. |
| 650 #0 - SUBJECT ADDED ENTRY--TOPICAL TERM | |
| Topical term or geographic name entry element | Mathematics. |
| 650 #0 - SUBJECT ADDED ENTRY--TOPICAL TERM | |
| Topical term or geographic name entry element | Computer science |
| 856 42 - ELECTRONIC LOCATION AND ACCESS | |
| Materials specified | Contributor biographical information |
| Uniform Resource Identifier | <a href="http://www.loc.gov/catdir/enhancements/fy1110/2011011060-b.html">http://www.loc.gov/catdir/enhancements/fy1110/2011011060-b.html</a> |
| 856 42 - ELECTRONIC LOCATION AND ACCESS | |
| Materials specified | Publisher description |
| Uniform Resource Identifier | <a href="http://www.loc.gov/catdir/enhancements/fy1110/2011011060-d.html">http://www.loc.gov/catdir/enhancements/fy1110/2011011060-d.html</a> |
| 856 41 - ELECTRONIC LOCATION AND ACCESS | |
| Materials specified | Table of contents only |
| Uniform Resource Identifier | <a href="http://www.loc.gov/catdir/enhancements/fy1113/2011011060-t.html">http://www.loc.gov/catdir/enhancements/fy1113/2011011060-t.html</a> |
| 942 ## - ADDED ENTRY ELEMENTS (KOHA) | |
| Source of classification or shelving scheme | |
| Koha item type | Book |
| Withdrawn status | Lost status | Damaged status | Not for loan | Collection code | Permanent Location | Current Location | Shelving location | Date acquired | Source of acquisition | Cost, normal purchase price | Total Checkouts | Total Renewals | Full call number | Barcode | Date last seen | Date last checked out | Price effective from | Koha item type | Checked out | Source of classification or shelving scheme |
|---|---|---|---|---|---|---|---|---|---|---|---|---|---|---|---|---|---|---|---|---|
| Central Library (CL) | Central Library (CL) | General Stacks | 01/24/2013 | Progressive International Agencies | 22150.18 | 11 | 3 | 511 ROS | SEECS011878 | 12/01/2025 | 09/27/2025 | 01/29/2013 | Book | |||||||
| Central Library (CL) | Central Library (CL) | General Stacks | 01/24/2013 | Progressive International Agencies | 22150.18 | 20 | 16 | 511 ROS | SEECS011879 | 12/31/2025 | 12/03/2025 | 01/29/2013 | Book | |||||||
| Central Library (CL) | Central Library (CL) | General Stacks | 01/24/2013 | Progressive International Agencies | 22150.18 | 10 | 1 | 511 ROS | SEECS011880 | 01/13/2026 | 01/13/2026 | 01/29/2013 | Book | 05/13/2026 | ||||||
| Central Library (CL) | Central Library (CL) | General Stacks | 01/24/2013 | Progressive International Agencies | 22150.18 | 15 | 13 | 511 ROS | SEECS011881 | 09/19/2025 | 09/19/2025 | 01/29/2013 | Book | 12/13/2025 | ||||||
| Central Library (CL) | Central Library (CL) | General Stacks | 01/24/2013 | Progressive International Agencies | 22150.18 | 7 | 15 | 511 ROS | SEECS011882 | 09/19/2023 | 09/19/2023 | 01/29/2013 | Book | 01/18/2024 | ||||||
| Central Library (CL) | Central Library (CL) | General Stacks | 10/04/2016 | Donation | 10 | 4 | 511 ROS | SEECSD01341 | 12/05/2025 | 10/20/2025 | 10/04/2016 | Book | ||||||||
| Central Library (CL) | Central Library (CL) | 12/03/2021 | 4 | 6 | 511 ROS | SEECSD01130 | 04/01/2026 | 09/20/2025 | 12/03/2021 | Book |
